|
|
|
|
| LEADER |
00000nam0a2200000 4500 |
| 001 |
277751 |
| 005 |
20231101235038.0 |
| 020 |
|
|
|a RU
|b 86-34751
|
| 035 |
|
|
|a (RuTPU)RU\TPU\book\301028
|
| 090 |
|
|
|a 277751
|
| 100 |
|
|
|a 20141205d1986 m y0rusy5003 ca
|
| 101 |
0 |
|
|a rus
|a lat
|
| 102 |
|
|
|a RU
|
| 105 |
|
|
|a y e 000zy
|
| 200 |
1 |
|
|a Латинско-русский словарь
|e около 50 000 слов
|f И. Х. Дворецкий
|
| 205 |
|
|
|a 3-е изд., испр.
|
| 210 |
|
|
|a Москва
|c Русский язык
|d 1986
|
| 215 |
|
|
|a 840 с.
|
| 300 |
|
|
|a Латин., рус.
|
| 606 |
|
|
|a Латинский язык
|2 stltpush
|3 (RuTPU)RU\TPU\subj\39876
|9 59775
|
| 610 |
1 |
|
|a латинско-русские словари
|
| 610 |
1 |
|
|a словари латинско-русские
|
| 610 |
1 |
|
|a лексика
|
| 610 |
1 |
|
|a римская литература
|
| 610 |
1 |
|
|a лексикология
|
| 686 |
|
|
|a Ш146-4
|2 rubbk
|
| 700 |
|
1 |
|a Дворецкий
|b И. Х.
|g Иосиф Хананович
|4 070
|
| 801 |
|
0 |
|a RU
|b RuMRKP
|c 19950704
|g psbo
|
| 801 |
|
1 |
|a RU
|b 63413507
|c 20141205
|
| 801 |
|
2 |
|a RU
|b 63413507
|c 20170407
|g RCR
|
| 942 |
|
|
|c BK
|